A flor do lado de lá (Record no. 75307)
[ view plain ]
| 000 -LÍDER | |
|---|---|
| campo de controle de tamanho fixo | 00513 a2200217 4500 |
| 001 - NÚMERO DE CONTROLE | |
| campo de controle | 75307 |
| 020 ## - ISBN - INTERNATIONAL STANDARD BOOK NUMBER | |
| ISBN - International Standard Book Number | 9788526006201 |
| 041 ## - CÓDIGO DE IDIOMA | |
| Código do idioma do texto/trilha sonora ou título diferente | por |
| 090 ## - NÚMERO DE CHAMADA LOCAL | |
| Número de chamada (OCLC) (R); Número de chamada, CALL (RLIN) (NR) | Year 3 028 |
| 040 ## - FONTE DA CATALOGAÇÃO | |
| Instituição da catalogação original | BR-BrIDEA |
| Instituição que transcreveu o registro | BR-BrIDEA |
| 100 ## - ENTRADA PRINCIPAL--NOME PESSOAL | |
| Nome pessoal | Mello, Roger. |
| 250 ## - EDIÇÃO | |
| Edição | 6. Ed. |
| 245 10 - TÍTULO | |
| Título | A flor do lado de lá |
| Indicação de responsabilidade, etc. | Roger Mello |
| 260 ## - PUBLICAÇÃO, DISTRIBUIÇÃO, ETC. | |
| Local de publicação, distribuição, etc. | [S.l.] |
| Nome do editor, distribuidor, etc. | Global |
| Data da publicação, distribuição, etc. | 2004 |
| 490 ## - TÍTULO DA SÉRIE | |
| Título da série | Só imagem |
| 697 ## - ENTRADA DE ASSUNTO LOCAL--ENTIDADE COLETIVA (RLIN) | |
| Nome corporativo ou nome da jurisdição | Leitura de Imagem. |
| 697 ## - ENTRADA DE ASSUNTO LOCAL--ENTIDADE COLETIVA (RLIN) | |
| Nome corporativo ou nome da jurisdição | Leitura infantojuvenil. |
| 830 ## - ENTRADA SECUNDÁRIA DE SÉRIE--TÍTULO UNIFORME | |
| Título uniforme | Só imagem |
| 856 ## - LOCALIZAÇÃO ELETRÔNICA E ACESSO | |
| Uniform Resource Identifier | <a href="00001b/00001bfa.jpg">00001b/00001bfa.jpg</a> |
| 942 ## - ELEMENTOS DE ENTRADA ADICIONADOS (KOHA) | |
| Tipo de material Koha | Livros |
| Situação do descarte | Situação das perdas | Situação física | Não pode ser emprestado | Biblioteca de origem | Biblioteca atual | Data de aquisição | Total de empréstimos | Número de chamada completo | Código de barras | Data de último acesso | Data do preço efetivo | Tipo de material Koha | Data do último empréstimo | Fonte da classificação ou esquema de arquivamento na estante |
|---|---|---|---|---|---|---|---|---|---|---|---|---|---|---|
| Colégio São Paulo | Colégio São Paulo | 22/11/2023 | LJ 028.5 M527f | 6762/CSP | 22/11/2023 | 22/11/2023 | Livros | |||||||
| Colégio São Paulo | Colégio São Paulo | 22/11/2023 | 1 | LJ 028.5 M527f | 6763/CSP | 18/12/2023 | 22/11/2023 | Livros | 18/12/2023 | |||||
| ECB - SUDOESTE | ECB - SUDOESTE | 24/11/2015 | Year 3 028 | 00017597SSW | 23/01/2024 | 23/01/2024 | Livros | Classificação Decimal de Dewey |